000 01144nam a2200241Ia 4500
999 _c52686
_d52686
001 19710
003 GE_BSU
005 20200402213520.0
008 181216s1993||||ge |||||||||||||| ||geo||
040 _cGE_BSU
041 _ageo
080 _a811.353-1(042.2) ქ-27
245 _aქართული ენის გრამატიკის კონსპექტი /
_cავტორები : პ.ლორთქიფანიძე, ე. გელაშვილი, ს. დვალი ; შემდგ.– რედ. სიმონ ბალახაძე.
264 _aთბილისი :
_b[?],
_c1993.
300 _a48 გვ. ;
_c19 სმ.
541 _h1 ლ.
653 _aქართული ენის გრამატიკის კონსპექტი
700 _aლორთქიფანიძე, პ.
_eავტორი
_97680
700 _aგელაშვილი, ე.
_eავტორი
_97719
700 _aდვალი, ს.
_eავტორი
_97849
700 _a ბალახაძე, სიმონ
_eრედაქტორი
_97850
942 _cBK
_2udc